00460 2200181 4500001002100000005001500021008004100036020002400077035001900101041000700120082001200127090001700139100001600156245003700172260002400209300003000233650001500263INLIS00000000000398420241224112827241224||||||||| | ||| |||| || |  a978-979-055-42-32-0 0010-1224003984 aid0 a297..18 a297.18 MUA s0 aAli Muakhir00a100 Kisah Hikmah Sepanjang Zaman bSyaamil Booksc2013 avii,200 hlm.:ilus.;26 cm. 0aIlmu Agama